000 00388nam a2200097Ia 4500
008 180130s9999 xx 000 0 und d
245 _cRanganath, Venkatesh-Prasad
_aWhite models are good, simple explanations are better
260 _c2016
300 _aBook title: Perspectives on data science for software engineering--Acession number C20893; pages 349-352
650 _aSOFTWARE ENGINEERING
999 _c354343
_d354343